El País de Yann /

Contiene: En Donde Suben y Bajan las Mareas; La Espada y el Idolo; Carcasona; Días de Ocio en el País del Yann; El Campo; Los Mendigos; El Bureau d'Echange de Maux; Una Noche en una Taberna. Edward John Moreton Drax Plunkett, Lord Dunsay, es un escritor irlandés nacido en l878 y muerto en l957.

Gorde:
Xehetasun bibliografikoak
Egile nagusia: Dunsany, Lord (autor)
Formatua: Liburua
Hizkuntza:gaztelania
Argitaratua: Madrid, España : Siruela, 1986
Saila:(Lecturas Fantásticas. La Biblioteca de Babel ; 27)
Gaiak:
Etiketak: Etiketa erantsi
Etiketarik gabe, Izan zaitez lehena erregistro honi etiketa jartzen!

MARC

LEADER 00000nam^a2200000^a^4500
001 000021258
005 20250521000000.0
009 20260310084409.851
020 |a 84-85876-53-9 
037 |a Acervo ITESO - Biblioteca 
041 |a ESP 
082 |a 823.  |b DUN 
100 |a Dunsany,  |c Lord  |e (autor) 
245 1 3 |a El País de Yann /  |c L. Dunsany; pról. de: Jorge Luis Borges; tr. por: Jorge Luis Borges; Francisco Torres Oliver; Padraic Colum. 
264 1 |a Madrid, España :  |b Siruela,  |c 1986 
300 |a 126 p. 
336 |a texto  |b txt  |2 rdacontenido 
337 |a sin mediación  |b n  |2 rdamedio 
338 |a volumen  |b nc  |2 rdasoporte 
440 1 |a (Lecturas Fantásticas.  |p La Biblioteca de Babel ;  |v 27) 
520 |a Contiene: En Donde Suben y Bajan las Mareas; La Espada y el Idolo; Carcasona; Días de Ocio en el País del Yann; El Campo; Los Mendigos; El Bureau d'Echange de Maux; Una Noche en una Taberna. Edward John Moreton Drax Plunkett, Lord Dunsay, es un escritor irlandés nacido en l878 y muerto en l957. 
649 |a XX 
650 |a Literatura Inglesa 
650 |a Cuentos Ingleses 
650 |a Literatura Fantástica 
910 |a Fondo General 
920 |a Impresos - Libros 
930 |a Colección General 
940 |a Literatura 
905 |a 101 
901 |a 0212580100  |b IT1  |c LIT  |i 021258  |u 20250521 
902 |a https://opac.biblio.iteso.mx/vufind/Record/000021258